| 000 | 00363nam a2200145Ia 4500 | ||
|---|---|---|---|
| 008 | 150201s1998 xx 000 0 und d | ||
| 082 |
_a579 _bE1998A |
||
| 100 | _aAJMANI,M.L. | ||
| 245 | _aEMBALMING : PRINCIPLES AND LEGAL ASPECTS | ||
| 250 | _a1ST | ||
| 260 |
_bJAYPEE MEDICAL PUBLISHER _aDELHI _c1998 |
||
| 300 | _a1-296 | ||
| 650 | _aANATOMY | ||
| 942 |
_2ddc _cBK |
||
| 999 |
_c2518 _d2518 |
||